01628nam a22003017a 4500003000400000005001700004008004100021040001100062082001400073100003400087245001400121260012900135300002300264490002600287505031900313505018100632505004400813505004800857505004300905505002200948650004500970650004401015650005501059650004401114942002501158999001501183952012801198OSt20230516094548.0230516b |||||||| |||| 00| 0 eng d cLado V 2708aK82f 9826aKontova, Helenaeeditora aFlashArt/ aAustraliaaAustriaaBelgicaaCanadaaFranciaaAlemaniaaGran BretañaaHolandaaItaliaaEspañaaIrlandabGEA POLITIc2001 a128p.c20.5x27.5cm a217vXXXIVx0394-1493 aFlash Art NewstThe populist Pressure on The 2nd Berlin Biennale Presumes Innocents 55 Years of Polish Art At Galleries The New Kunsthalle in Vienna Tokyo Tv Mark Wallinger Thierry de Duve's Voici Theory Galleries Talk Aperto: San Francisco Group Shows New York Cup Up Books and Catalogues Videoclip aFeaturestThomas Demand Divorcee on Holiday Miami Lee Bul Paul Noble Paul McCarthy Ike Ude The Truth about Emily and Me Marjetica Potre Same Same but Another Millennium aGlobal ArtrColby Caldwell Wim Delvoye aOuverturesrJohn Pilson Patrick Tuttofuoco aSpotlightstHavana Biennial Superflat aFlash Art Reviews 2Tesauro de Arte & ArquitecturaaCATALOGO 2Tesauro de Arte & ArquitecturaaREVISTA 2Tesauro de Arte & ArquitecturaaARTE INTERNACIONAL 2Tesauro de Arte & ArquitecturaaCRITICA 2ddcc1h708iK82fn0 c3561d3561 00102ddc3XXXIV40708RevistasaLVbLVd2023-05-16h2001i002988l0o708 K82fp002988r2023-05-16 00:00:00w2023-05-16y1